Normal view
MARC view
Entry Personal Name
001 - CONTROL NUMBER
- control field: 19520
003 - CONTROL NUMBER IDENTIFIER
- control field: OSt
005 - DATE AND TIME OF LATEST TRANSACTION
- control field: 20251112161942.0
008 - FIXED-LENGTH DATA ELEMENTS
- fixed length control field: 251112|| aca||aabn | a|a d
040 ## - CATALOGING SOURCE
- Original cataloging agency: OSt
- Transcribing agency: OSt
100 ## - HEADING--PERSONAL NAME
- Personal name: Barnard, Stephanie; [et...al]
670 ## - SOURCE DATA FOUND
- Source citation: Work cat.: (OSt)9014: Barnard, Stephanie; [et...al], Writing, Speaking, & Communication Skills for Health Professionals:, c2001.
